1546 1727 1924 1967 1825 1263 1636 1873 1843 1314 1785 1008 1938 1160 1529 1971 1478 1557 1236 1240 1234 1417 1123 1258 1682 1562 1346 1340 1693 1210 1291 1296 1880 1171 1376 1177 1914 1480 1884 1002 1311 1031 1134 1942 1873 1048 1333 1934 1199 1329 1515 1185 1099 1466 1404 1548 1032 1372 1953 1995 1465 1990 1388 1010 1028 1162 1845 1973 1013 1928 1907 1133 1054 1106 1818 1833 1143 1080 1746 1118 1429 1317 1629 1218 1730 1061 1621 1576 1699 1683 1782 1800 1336 1456 1971 1856 1856 1674 1464 BCNSPRNW ULIB Ver.6.0+V

เปลี่ยนเป็นภาษาไทย

Change to English
 แสดงรายละเอียดบรรณานุกรม
  กลับหน้าหลัก

Brief Record : Get Marc (ISO 2709) : E-mail record : QR code < ปิดหน้าต่าง
LEADER : 00000nam 2200000uu 4500
001    13399111683
003     ULIB
008    110627s2553||||th 000 0 tha d
020    9789744752888
090    นว.^bด951ส 2553
100 0  แดน บราวน์
245 00 สาส์นลับที่สาบสูญ =^b The Lost Symbol/^cแดน บราวน์
246 0  The Lost Symbol
250    พิมพ์ครั้งที่ 13
260    กรุงเทพฯ :^bแพรวสำนักพิมพ์,^c2553
300    622 หน้า
945    ^p465^l0^i030271
995    ทศพร
999 ^a ใช้งานได้ทุกระบบ
รายการนี้ยังไม่มีแท็ก
คุณยังไม่ได้ล็อกอิน คุณสามารถมีกิจกรรมร่วมกับเว็บไซต์ได้ แต่ต้องล็อกอินก่อน ::
  ล็อกอิน

รายการสื่อสารสนเทศ

ลำดับที่ ประเภท เลขเรียก/บาร์โค้ด สถานที่ สถานะ
- ไม่พบข้อมูล -

BibComment


ยังไม่เคยถูกคอมเมนท์

คอมเมนท์ทรัพยากรรายการนี้
  คอมเมนท์: สาส์นลับที่สาบสูญ..


 Copyright 2026. Bcnsprnw @Library